| 000 | 00325nam a2200121Ia 4500 | ||
|---|---|---|---|
| 008 | 210430s9999 xx 000 0 und d | ||
| 082 | _a423 O 981 O | ||
| 100 |
_aN V S _953590 |
||
| 245 |
_aOxford Advanced Learner ,s Dictionary _cN V S |
||
| 260 |
_aUS _bOxford University press _c2005 |
||
| 300 | _a1780 p | ||
| 942 |
_cBK _2ddc |
||
| 999 |
_c563650 _d563650 |
||